000 01075nac a22002771i 4500
003 EG-ScBUE
005 20240929093352.0
008 240929s2002 enka f 001 0 eng d
020 _a9780521004626
020 _a0521004624 (pbk.)
040 _aEG-ScBUE
_beng
_erda
_cEG-ScBUE
_dEG-ScBUE
082 0 4 _a515
_bKWO
_222
100 1 _aKwok, Y. K.,
_eauthor.
245 1 0 _aApplied complex variables for scientists and engineers /
_cYue Kuen Kwok, Hong Kong University of Science and Technology.
264 1 _aCambridge ;
_aNew York :
_bCambridge University Press,
_c2002.
300 _axi, 392 pages :
_billustrations ;
_c24 cm
336 _2rdacontent
_atext
_btxt
337 _aunmediated
_2rdamedia
_bn
338 _avolume
_bnc
_2rdacarrier
500 _aIncludes index.
650 7 _aFunctions of complex variables.
_2BUEsh
655 _vReading book
856 4 2 _3Publisher description
_uhttp://www.loc.gov/catdir/description/cam021/2001018485.html
856 4 2 _3Table of contents
_uhttp://www.loc.gov/catdir/toc/cam026/2001018485.html
942 _cBB
_2ddc
999 _c1995
_d1995